LIBRARY ONLINE CATALOGUE

Modern plumbing /by (Record no. 20566)

MARC details
000 -LEADER
fixed length control field 00448nam a22001457a 4500
008 - FIXED-LENGTH DATA ELEMENTS--GENERAL INFORMATION
fixed length control field 250117b |||||||| |||| 00| 0 eng d
020 ## - INTERNATIONAL STANDARD BOOK NUMBER
International Standard Book Number 9781645646686
050 ## - LIBRARY OF CONGRESS CALL NUMBER
Classification number TH6122
Item number .B53
100 ## - MAIN ENTRY--PERSONAL NAME
Personal name Blankenbaker, E. Keith
245 ## - TITLE STATEMENT
Title Modern plumbing /by
Statement of responsibility, etc. E. Keith Blankenbaker
250 ## - EDITION STATEMENT
Edition statement 9th ed.
260 ## - PUBLICATION, DISTRIBUTION, ETC. (IMPRINT)
Place of publication, distribution, etc. U. S, A.
Name of publisher, distributor, etc. The Goodheart-Willcox Company
Date of publication, distribution, etc. 2022
300 ## - PHYSICAL DESCRIPTION
Extent xiv,562p.
Other physical details includes Referece section, Glossary and index
942 ## - ADDED ENTRY ELEMENTS (KOHA)
Source of classification or shelving scheme Library of Congress Classification
Koha item type General Collection
Holdings
Withdrawn status Lost status Source of classification or shelving scheme Not for loan Home library Current library Date acquired Cost, normal purchase price Inventory number Total Checkouts Total Renewals Full call number Barcode Date last seen Date last checked out Copy number Price effective from Koha item type
    Library of Congress Classification   Kabarak, Nakuru City Campus Kabarak, Main Campus 17/01/2025 24240.00 2025/0833 2 1 TH6122 .B53 2022 C.1 33594 20/06/2025 04/04/2025 C.1 17/01/2025 General Collection
    Library of Congress Classification   Kabarak, Nakuru City Campus Kabarak, Nakuru City Campus 17/01/2025 24240.00 2025/0830     TH6122 .B53 2022 C.2 33595 17/01/2025   C.1 17/01/2025 General Collection